Colloquium on differential and difference equations, CDDE 2006 : proceedings /

Guardado en:
Autor Corporativo: Colloquium on Differential and Difference Equations Brno, República Checa)
Otros Autores: Doslý, Ondrej. (Editor ), Rehák, Pavel. (Editor )
Formato: Libro
Idioma:English
Publicado: Brno : Masaryk University, 2007.
Series:Folia Facultatis scientiarum naturalium Universitatis Masarykianae Brunensis. Mathematica ; 16
Materias:
Acceso en línea:Table of contents
Etiquetas: Agregar Etiqueta
Sin Etiquetas, Sea el primero en etiquetar este registro!
LEADER 01177cam a22002897a 4500
001 MAT.inmabb005379
008 080324s2007####xr#a###f#b####100#0#eng#d
005 20160329163358.0
245 1 0 |a Colloquium on differential and difference equations, CDDE 2006 :  |b proceedings /  |c edited by Ondrej Doslý and Pavel Rehák. 
260 |a Brno :  |b Masaryk University,  |c 2007. 
300 |a ii, 200 p. :  |b il. ;  |c 24 cm. 
440 0 |a Folia Facultatis scientiarum naturalium Universitatis Masarykianae Brunensis.  |p Mathematica ;  |v 16 
504 |a Incluye referencias bibliográficas. 
510 4 |a MR,  |c 2008j:34003 
020 |a 9788021044142 
020 |a 8021044144 
111 2 |a Colloquium on Differential and Difference Equations  |d (2006 :  |c Brno, República Checa) 
700 1 |a Doslý, Ondrej.  |4 edt 
700 1 |a Rehák, Pavel.  |4 edt 
246 3 0 |a CDDE 2006 
650 0 |a Differential equations  |v Congresses. 
650 0 |a Difference equations  |v Congresses. 
084 |a 34-06 (37-06 39-06)  |2 msc2000 
010 |a  2008387515 
040 |a OSU  |c OSU  |d DLC 
856 4 1 |3 Table of contents  |u http://www.loc.gov/catdir/toc/fy0804/2008387515.html 
859 |h 34  |i C714-2006  |p A-8576  |b BIB. MATEMATICA